Central Library OPAC University of Rajshahi

History of economic analysis / (Record no. 58920)

MARC details
000 -LEADER
fixed length control field 00808nam a2200253 a 4500
001 - CONTROL NUMBER
control field 58920
003 - CONTROL NUMBER IDENTIFIER
rucl marc code BD-RjUL
005 - DATE AND TIME OF LATEST TRANSACTION
control field 20211209080654.0
008 - FIXED-LENGTH DATA ELEMENTS--GENERAL INFORMATION
fixed length control field 161220r1954 nyu 001 0 eng d
020 ## - INTERNATIONAL STANDARD BOOK NUMBER
International Standard Book Number 0043300863 (cased)
International Standard Book Number 0043303765 (pbk)
035 ## - SYSTEM CONTROL NUMBER
System control number (BD-RjUL)59044
040 ## - CATALOGING SOURCE
Original cataloging agency UKM
Transcribing agency UKM
Language of cataloging eng
Modifying agency BD-RjUL
041 ## - LANGUAGE CODE
Language code of text/sound track or separate title eng
082 ## - DEWEY DECIMAL CLASSIFICATION NUMBER
Edition number 23
Classification number 330.09
Author mark and year SCH 1954
100 1# - MAIN ENTRY--PERSONAL NAME
Personal name Schumpeter, Joseph A.,
Dates associated with a name 1883-1950.
9 (RLIN) 175199
245 10 - TITLE STATEMENT
Title History of economic analysis /
Statement of responsibility, etc. by Joseph A. Schumpeter ; edited from manuscript by Elizabeth Boody Schumpeter
260 ## - PUBLICATION, DISTRIBUTION, ETC. (IMPRINT)
Place of publication, distribution, etc. New York :
Name of publisher, distributor, etc. Oxford University Press,
Date of publication, distribution, etc. c1954.
300 ## - PHYSICAL DESCRIPTION
Pagination xxv, 1260 p. ;
Size 24 cm.
500 ## - GENERAL NOTE
General note Includes index.
650 #0 - SUBJECT ADDED ENTRY--TOPICAL TERM
Topical term or geographic name as entry element Economics
General subdivision History
9 (RLIN) 172699
700 1# - ADDED ENTRY--PERSONAL NAME
Personal name Schumpeter, Elizabeth Boody.
942 ## - ADDED ENTRY ELEMENTS (KOHA)
Source of classification or shelving scheme Dewey Decimal Classification
Koha item type Books
Holdings
Lost status Source of classification or shelving scheme Damaged status Not for loan Collection code Permanent Location Current Location Shelving location Date acquired Source of acquisition Total Checkouts Full call number Date last seen Copy number Koha item type
  Dewey Decimal Classification   Not For Loan Non-fiction Central Library, University of Rajshahi Central Library, University of Rajshahi Reading Room 12/01/1956 Board of economic inquiry   330.09 SCH 1954 20/12/2016 C-1 Books